| 000 | 02575nam a2200361 a 4500 | ||
|---|---|---|---|
| 001 | ebr10752392 | ||
| 003 | CaPaEBR | ||
| 006 | m o u | ||
| 007 | cr cn||||||||| | ||
| 008 | 111129s2012 nyuabf sb 001 0 eng d | ||
| 010 | _z 2011049186 | ||
| 020 | _z9789280812107 (pbk.) | ||
| 020 | _z9789280871791 (e-book) | ||
| 040 |
_aCaPaEBR _cCaPaEBR |
||
| 035 | _a(OCoLC)802251482 | ||
| 043 | _aa-ja--- | ||
| 050 | 1 | 4 |
_aGF91.J3 _bS28 2012eb |
| 082 | 0 | 4 |
_a304.20952 _223 |
| 245 | 0 | 0 |
_aSatoyama--satoumi ecosystems and human well-being _h[electronic resource] : _bsocio-ecological production landscapes of Japan / _cedited by Anantha Kumar Duraiappah ... [et al.]. |
| 260 |
_aNew York : _bUnited Nations University Press, _c2012. |
||
| 300 |
_axxx, 480 p., [8] p. of plates : _bill. (some col.), col. maps. |
||
| 504 | _aIncludes bibliographical references and index. | ||
| 505 | 0 | _aThe Japanese satoyama and satoumi assessment: objectives, focus and approach / Anantha Kumar Duraiappah and Koji Nakamura -- Satoyama and satoumi, and ecosystem services: a conceptual framework / Osamu Saito and Hideaki Shibata -- What are the key drivers of change and current status of satoyama and satoumi? / Toshiya Okuro ... [et al.] -- Why is change to satoyama and satoumi a concern? / Takakazu Yumoto -- What and how effective have the main responses to address changes in satoyama and satoumi been? / Toshimori Takahashi -- What are the futures of satoyama and satoumi? / Shizuka Hashimoto -- Conclusion / Kazuhiko Takeuchi, Masataka Watanabe and Maiko Nishi -- Hokkaido cluster / Tetsuya Kondo and Taisuke Miyauchi -- Tohoku cluster / Takaaki Koganezawa and Tohru Nakashizuka -- Hokushinetsu cluster / Koji Nakamura and Shigeyuki Yamamoto -- Kanto--Chubu cluster: the future of satoyama, satoumi and cities / Tatsuhiro Ohkubo and Satoru Sadohara -- Western Japan cluster / Tomoya Akimichi and Yukihiro Morimoto -- Western Japan cluster: Seto inland sea as satoumi / Osamu Matsuda. | |
| 533 |
_aElectronic reproduction. _bPalo Alto, Calif. : _cebrary, _d2013. _nAvailable via World Wide Web. _nAccess may be limited to ebrary affiliated libraries. |
||
| 650 | 0 |
_aLandscape assessment _zJapan. |
|
| 650 | 0 |
_aLandscape protection _zJapan. |
|
| 650 | 0 |
_aEcosystem services _zJapan. |
|
| 650 | 0 |
_aBiodiversity conservation _zJapan. |
|
| 655 | 7 |
_aElectronic books. _2local |
|
| 700 | 1 | _aDuraiappah, Anantha K. | |
| 710 | 2 | _aebrary, Inc. | |
| 856 | 4 | 0 |
_uhttp://site.ebrary.com/lib/rucke/Doc?id=10752392 _zAn electronic book accessible through the World Wide Web; click to view |
| 999 |
_c216506 _d216506 |
||